[Event "Bethune op 21st"]
[Site "Bethune"]
[Date "2000.??.??"]
[Round "6"]
[White "Le Duin, Thierry"]
[Black "Giroux, Fabrice"]
[Result "0-1"]
[WhiteElo "2060"]
[BlackElo "2160"]
[PlyCount "119"]
[EventDate "2000.12.26"]
[EventType "swiss"]
[EventRounds "7"]
[EventCountry "FRA"]
[SourceTitle "EXT 2003"]
[Source "ChessBase"]
[SourceDate "2002.11.25"]
[SourceVersion "1"]
[SourceVersionDate "2002.11.25"]
[SourceQuality "1"]

1. d4 Nf6 2. Nf3 g6 3. g3 Bg7 4. Bg2 0-0 5. 0-0 d6 6. c4 Nbd7 7. b3 Re8 8. Bb2 c6 9. Qc2 Qc7 10. Nbd2 e5 11. dxe5 dxe5 12. e3 Nc5 13. Ng5 Bf5 14. Nge4 Rad8 15. Nxf6+ Bxf6 16. Ne4 Bg7 17. Rfd1 Rxd1+ 18. Rxd1 Rd8 19. Rxd8+ Qxd8 20. Qd2 Qxd2 21. Nxd2 Nd3 22. Ba3 Bf8 23. Bxf8 Kxf8 24. a3 Ne1 25. Be4 Bxe4 26. Nxe4 Ke7 27. Kf1 Nc2 28. a4 f5 29. Nd2 Kd6 30. Ke2 e4 31. f3 exf3+ 32. Nxf3 Na1 33. Nd4 c5 34. Nb5+ Ke5 35. Nxa7 Nxb3 36. Nc8 Na5 37. Kd3 Nc6 38. Kd2 Ke6 39. Nb6 Ne5 40. Ke2 g5 41. h3 Kd6 42. Nc8+ Kd7 43. Nb6+ Kc6 44. Nd5 Nxc4 45. Ne7+ Kd6 46. Nxf5+ Ke5 47. Nh6 b6 48. Ng4+ Ke6 49. Nf2 Kf5 50. Nd3 Ke4 51. Nf2+ Kd5 52. Nd3 Nd6 53. g4 Ne4 54. Kf3 Nc3 55. Nb2 h6 56. Kg3 c4 57. Kf3 Na2 58. e4+ Kd4 59. e5 c3 60. Nc4 0-1

[Event "Saint Quentin op"]
[Site "Saint Quentin"]
[Date "1999.04.23"]
[Round "7"]
[White "Giroux, Fabrice"]
[Black "Guez, Fabien"]
[Result "0-1"]
[WhiteElo "2168"]
[BlackElo "2110"]
[PlyCount "150"]
[EventDate "1999.04.??"]
[EventType "swiss"]
[EventRounds "9"]
[EventCountry "FRA"]
[SourceTitle "EXT 2000"]
[Source "ChessBase"]
[SourceDate "1999.11.16"]
[SourceVersion "1"]
[SourceVersionDate "1999.11.16"]
[SourceQuality "1"]

1. c4 e6 2. g3 d5 3. Nf3 Be7 4. Nc3 Nf6 5. b3 0-0 6. e3 c5 7. Bg2 Nc6 8. 0-0 dxc4 9. bxc4 Qa5 10. Qa4 Qxa4 11. Nxa4 Bd7 12. Nc3 Rac8 13. Bb2 Rfd8 14. Rfd1 Be8 15. Ne2 Na5 16. Ne5 Ba4 17. Re1 Bd6 18. Rac1 b6 19. Nf3 Bb8 20. Nf4 Kf8 21. Bc3 Nc6 22. Ng5 Ke7 23. Ne4 Nxe4 24. Bxe4 f5 25. Bxc6 Bxc6 26. Nh5 e5 27. Nxg7 Kf6 28. Nh5+ Kg6 29. g4 fxg4 30. Ng3 h5 31. e4 Bd7 32. Nf1 Bc6 33. Ng3 Bd7 34. Nf1 Bc6 35. Ng3 Rf8 36. Nf5 Rce8 37. d3 Kg5 38. Bd2+ Kg6 39. Rc3 Bc7 40. Ra3 Bb8 41. Ne3 Rf7 42. Nd5 Bd6 43. Be3 Bf8 44. Rb3 Bh6 45. Bxh6 Kxh6 46. Ra1 Rf3 47. a4 Ref8 48. Ra2 h4 49. a5 bxa5 50. Ne3 a4 51. Rbb2 Kg5 52. Rd2 g3 53. hxg3 hxg3 54. Nf5 gxf2+ 55. Rxf2 Rxf2 56. Rxf2 Rd8 57. Ne7 Bd7 58. Rg2+ Bg4 59. Nd5 Kh4 60. Rh2+ Kg3 61. Rg2+ Kf3 62. Rf2+ Kg3 63. Rg2+ Kh4 64. Rh2+ Bh3 65. Kf2 Rf8+ 66. Ke2 Kg3 67. Rh1 Rf2+ 68. Kd1 Ra2 69. Re1 Bg4+ 70. Kc1 Kf2 71. Re3 a3 72. d4 cxd4 73. Rd3 Be2 74. Rh3 d3 75. Nc3 Rc2+ 0-1